[Event "POL-chT U19 2nd League"]
[Site "Borowice"]
[Date "2012.07.27"]
[Round "9"]
[White "Larysz, Anna"]
[Black "Chenska, Karolina"]
[Result "1/2-1/2"]
[WhiteElo "1528"]
[BlackElo "1583"]
[PlyCount "67"]
[EventDate "2012.07.21"]
[EventType "team-swiss"]
[EventRounds "11"]
[EventCountry "POL"]
[SourceTitle "EXT 2014"]
[Source "ChessBase"]
[SourceDate "2013.11.20"]
[SourceVersion "1"]
[SourceVersionDate "2013.11.20"]
[SourceQuality "1"]
[WhiteTeam "Katowice UKS Palac Mlodziezy U19"]
[BlackTeam "Wroclaw MUKS MDK Srodmiescie U19 II"]
[WhiteTeamCountry "POL"]
[BlackTeamCountry "POL"]

1. d4 d5 2. c4 e6 3. cxd5 exd5 4. Nc3 c5 5. Nf3 Nc6 6. dxc5 d4 7. Ne4 Bxc5 8. Nxc5 Qa5+ 9. Bd2 Qxc5 10. Rc1 Qb6 11. b3 Nf6 12. g3 0-0 13. Bg2 Bg4 14. 0-0 Rad8 15. Qc2 Rfe8 16. Rfe1 h6 17. Qc4 Ne4 18. Rcd1 Bxf3 19. Bxf3 Ne5 20. Qc1 Nxd2 21. Qxd2 Nxf3+ 22. exf3 Rxe1+ 23. Rxe1 Qc6 24. Qd3 Qc5 25. Rd1 Rd6 26. Rd2 Rd8 27. Kf1 Qh5 28. Kg2 Qc5 29. Rc2 Qa5 30. Qd2 Qb6 31. Qd3 Qa5 32. Qd2 Qb6 33. Qd3 Qa5 34. Qd2 1/2-1/2

[Event "POL-chT U19 2nd League"]
[Site "Borowice"]
[Date "2012.07.22"]
[Round "2"]
[White "Kopica, Paulina"]
[Black "Chenska, Karolina"]
[Result "1-0"]
[WhiteElo "1696"]
[BlackElo "1583"]
[PlyCount "107"]
[EventDate "2012.07.21"]
[EventType "team-swiss"]
[EventRounds "11"]
[EventCountry "POL"]
[SourceTitle "EXT 2014"]
[Source "ChessBase"]
[SourceDate "2013.11.20"]
[SourceVersion "1"]
[SourceVersionDate "2013.11.20"]
[SourceQuality "1"]
[WhiteTeam "Opole Rodlo U19"]
[BlackTeam "Wroclaw MUKS MDK Srodmiescie U19 II"]
[WhiteTeamCountry "POL"]
[BlackTeamCountry "POL"]

1. e4 c5 2. Nf3 e6 3. c3 d5 4. e5 Ne7 5. d4 Ng6 6. Bd3 Be7 7. 0-0 0-0 8. a3 a5 9. Bc2 b6 10. Be3 Ba6 11. Re1 Nc6 12. h3 Rc8 13. Nbd2 Rc7 14. g3 Qc8 15. Rc1 Qd8 16. Nh2 Qd7 17. Qh5 cxd4 18. cxd4 Qe8 19. f4 f5 20. exf6 Bxf6 21. Ndf3 Rc8 22. Ng4 Nce7 23. Nge5 Nf5 24. Bxf5 exf5 25. Bd2 Nxe5 26. Qxe8 Rfxe8 27. dxe5 Be7 28. Bc3 Bc5+ 29. Nd4 Bxd4+ 30. Bxd4 Rxc1 31. Rxc1 Re6 32. Rc7 Bc4 33. Kf2 Rh6 34. Kg2 Re6 35. g4 g6 36. Kg3 Be2 37. Rd7 Bc4 38. Kh4 h6 39. gxf5 gxf5 40. Kh5 Be2+ 41. Kh4 Bc4 42. Rd6 Rxd6 43. exd6 Kf7 44. Bxb6 a4 45. Kh5 Ke6 46. Bc5 d4 47. Bxd4 Kxd6 48. Kxh6 Be2 49. Kg6 Ke6 50. h4 Bg4 51. h5 Bxh5+ 52. Kxh5 Kd5 53. Be5 Ke4 54. Kg5 1-0

[Event "Wroclaw op-B 7th"]
[Site "Wroclaw"]
[Date "2012.07.09"]
[Round "8"]
[White "Kasianczuk, Krzysztof"]
[Black "Chenska, Karolina"]
[Result "1/2-1/2"]
[WhiteElo "1633"]
[BlackElo "1583"]
[PlyCount "64"]
[EventDate "2012.07.02"]
[EventType "swiss"]
[EventRounds "9"]
[EventCountry "POL"]
[SourceTitle "EXT 2013"]
[Source "ChessBase"]
[SourceDate "2012.11.22"]
[SourceVersion "1"]
[SourceVersionDate "2012.11.22"]
[SourceQuality "1"]

1. e4 c5 2. Nc3 e6 3. g3 d6 4. Bg2 Nf6 5. d3 Nc6 6. f4 Be7 7. Nf3 a6 8. 0-0 0-0 9. e5 dxe5 10. fxe5 Nxe5 11. Nxe5 Qd4+ 12. Kh1 Qxe5 13. Bf4 Qd4 14. Qe2 Qd8 15. Rf2 Nd5 16. Nxd5 exd5 17. Raf1 Bf6 18. c3 Be6 19. Bd2 Rc8 20. Qh5 g6 21. Qd1 Bg7 22. Qc1 Bf5 23. Rxf5 gxf5 24. Rxf5 Rc6 25. Bxd5 Rf6 26. Bg5 Rxf5 27. Bxd8 Rxd5 28. Bg5 Rxd3 29. Qc2 Rd5 30. Bf4 Re8 31. Kg2 Rd7 32. Kf3 Red8 1/2-1/2

[Event "Wroclaw Cup-B"]
[Site "Wroclaw"]
[Date "2012.05.02"]
[Round "6"]
[White "Chenska, Karolina"]
[Black "Oszczanowski, Witold"]
[Result "0-1"]
[WhiteElo "1607"]
[BlackElo "1884"]
[PlyCount "114"]
[EventDate "2012.04.30"]
[EventType "swiss"]
[EventRounds "9"]
[EventCountry "POL"]
[SourceTitle "EXT 2013"]
[Source "ChessBase"]
[SourceDate "2012.11.22"]
[SourceVersion "1"]
[SourceVersionDate "2012.11.22"]
[SourceQuality "1"]

1. e4 c5 2. Nf3 Nc6 3. d4 cxd4 4. Nxd4 Nf6 5. Nc3 e5 6. Ndb5 d6 7. Bg5 a6 8. Na3 b5 9. Nd5 Be7 10. Bxf6 Bxf6 11. c3 0-0 12. Nc2 Bg5 13. a4 bxa4 14. Rxa4 a5 15. Bc4 Rb8 16. b3 g6 17. 0-0 Kh8 18. f4 exf4 19. Nxf4 Ne5 20. Ne3 Qb6 21. Qd4 Qxd4 22. cxd4 Nxc4 23. bxc4 Re8 24. Rxa5 Bd8 25. Ra7 Bb6 26. Rxf7 Bxd4 27. Nfd5 Be6 28. R7f3 Bxd5 29. cxd5 Rxe4 30. Re1 Rbe8 31. Kf2 Kg7 32. h3 Bc5 33. g3 R4e5 34. g4 Re4 35. Rg3 R4e7 36. Rf3 Re5 37. Rg3 Rxd5 38. Kf1 Rf8+ 39. Kg2 Re5 40. Rf3 Rxf3 41. Kxf3 Rxe3+ 42. Rxe3 Bxe3 43. Kxe3 Kf6 44. Kf4 d5 45. h4 Ke6 46. h5 Kf6 47. hxg6 hxg6 48. g5+ Ke6 49. Ke3 Kf5 50. Kd4 Kxg5 51. Kxd5 Kf4 52. Kd4 g5 53. Kd3 Kf3 54. Kd2 Kf2 55. Kd3 g4 56. Ke4 g3 57. Kf4 g2 0-1

[Event "Wroclaw Cup-B"]
[Site "Wroclaw"]
[Date "2012.05.02"]
[Round "7"]
[White "Marko, Piotr"]
[Black "Chenska, Karolina"]
[Result "1-0"]
[WhiteElo "1506"]
[BlackElo "1607"]
[PlyCount "79"]
[EventDate "2012.04.30"]
[EventType "swiss"]
[EventRounds "9"]
[EventCountry "POL"]
[SourceTitle "EXT 2013"]
[Source "ChessBase"]
[SourceDate "2012.11.22"]
[SourceVersion "1"]
[SourceVersionDate "2012.11.22"]
[SourceQuality "1"]

1. e4 c5 2. Nf3 e6 3. d4 cxd4 4. Nxd4 Nf6 5. Nc3 d6 6. Bg5 Be7 7. Qd2 a6 8. f3 b5 9. a3 Bb7 10. 0-0-0 0-0 11. Be2 Qc7 12. g4 Rd8 13. Nb3 Nc6 14. h4 b4 15. axb4 Nxb4 16. h5 Nc6 17. Be3 Ne8 18. Na4 Rdb8 19. Nb6 Ra7 20. Na4 Raa8 21. g5 Bf8 22. Nb6 Ra7 23. Rdg1 f6 24. Bc4 d5 25. exd5 Ne5 26. dxe6 Nxc4 27. Nxc4 Bxf3 28. Rh3 Rab7 29. Rxf3 Qxc4 30. gxf6 Rxb3 31. f7+ Kh8 32. fxe8Q Rxe8 33. h6 Rb7 34. hxg7+ Bxg7 35. Rxg7 Rxg7 36. Bd4 Qc7 37. Rf7 Qg3 38. Rxg7 Qxg7 39. Bxg7+ Kxg7 40. Qd7+ 1-0

[Event "Wroclaw New Year op"]
[Site "Wroclaw"]
[Date "2011.12.28"]
[Round "?"]
[White "Chenska, Karolina"]
[Black "White, John2222"]
[Result "0-1"]
[WhiteElo "1659"]
[BlackElo "1915"]
[PlyCount "84"]
[EventDate "2011.12.28"]
[EventType "swiss"]
[EventRounds "5"]
[EventCountry "POL"]
[SourceTitle "EXT 2023"]
[Source "ChessBase"]
[SourceDate "2022.10.05"]
[SourceVersion "1"]
[SourceVersionDate "2022.10.05"]
[SourceQuality "1"]

1. e4 e6 2. d4 d5 3. Nc3 Bb4 4. e5 c5 5. a3 Bxc3+ 6. bxc3 Ne7 7. a4 Qa5 8. Qd2 Nbc6 9. Nf3 b6 10. Bd3 Ba6 11. 0-0 Bxd3 12. Qxd3 c4 13. Qd2 Qa6 14. Nh4 Qb7 15. Qg5 Ng6 16. Ba3 Qd7 17. f4 Qd8 18. Nxg6 hxg6 19. Rf3 Rh5 20. Qxd8+ Rxd8 21. g4 Rh4 22. h3 f5 23. gxf5 gxf5 24. Bc1 Kf7 25. Kh2 Rdh8 26. Bd2 R8h6 27. Rg1 Rg4 28. Rfg3 Rxg3 29. Rxg3 Rg6 30. Bc1 Rxg3 31. Kxg3 a5 32. Kh4 Na7 33. Kg5 b5 34. axb5 Nxb5 35. Bb2 a4 36. h4 a3 37. Ba1 a2 38. h5 Na3 39. h6 gxh6+ 40. Kxh6 Nxc2 41. Bb2 a1Q 42. Bxa1 Nxa1 0-1

[Event "POL-chT (Women) 4th"]
[Site "Wroclaw"]
[Date "2011.12.03"]
[Round "3"]
[White "Jarmuzynska, Kamila"]
[Black "Chenska, Karolina"]
[Result "1/2-1/2"]
[WhiteElo "1730"]
[BlackElo "1639"]
[PlyCount "71"]
[EventDate "2011.12.02"]
[EventType "team-swiss"]
[EventRounds "5"]
[EventCountry "POL"]
[SourceTitle "EXT 2019"]
[Source "ChessBase"]
[SourceDate "2018.10.10"]
[SourceVersion "1"]
[SourceVersionDate "2018.10.10"]
[SourceQuality "1"]
[WhiteTeam "Chylice UKS Szachylice (W)"]
[BlackTeam "Wroclaw MUKS MDK Srodmiescie (W)"]
[WhiteTeamCountry "POL"]
[BlackTeamCountry "POL"]

1. e4 c5 2. c3 d5 3. exd5 Qxd5 4. d4 cxd4 5. cxd4 Nc6 6. Nf3 e5 7. dxe5 Qxd1+ 8. Kxd1 Bg4 9. h3 Bxf3+ 10. gxf3 0-0-0+ 11. Nd2 Nxe5 12. Kc2 Ne7 13. f4 N5g6 14. Nf3 Nd5 15. f5 Ngf4 16. Ne5 Re8 17. Nxf7 Rg8 18. Bb5 Re7 19. Ng5 h6 20. Nf3 Rc7+ 21. Kb3 Bc5 22. Bc4 Rf8 23. Nh4 Bxf2 24. Ng6 Nxg6 25. Bxd5 Ne5 26. Bf4 Re7 27. Rac1+ Kd8 28. Rhd1 Nd7 29. Bxb7 Ke8 30. Bd6 Re3+ 31. Kc2 Rxf5 32. Kb1 Kf7 33. Ba3 Nf6 34. Rc7+ Kg8 35. Rc8+ Kh7 36. Ra8 1/2-1/2

[Event "POL-ch U16 Girls"]
[Site "Murzasichle"]
[Date "2011.03.12"]
[Round "9"]
[White "Ostrowska, Weronika"]
[Black "Chenska, Karolina"]
[Result "0-1"]
[WhiteElo "1478"]
[BlackElo "1678"]
[PlyCount "84"]
[EventDate "2011.03.05"]
[EventType "swiss"]
[EventRounds "9"]
[EventCountry "POL"]
[SourceTitle "EXT 2013"]
[Source "ChessBase"]
[SourceDate "2012.11.22"]
[SourceVersion "1"]
[SourceVersionDate "2012.11.22"]
[SourceQuality "1"]

1. e4 c5 2. g3 d5 3. exd5 Qxd5 4. Nf3 Bg4 5. Bg2 Qe6+ 6. Qe2 Qxe2+ 7. Kxe2 Nc6 8. c3 e5 9. Re1 0-0-0 10. Kf1 f6 11. Na3 Nge7 12. Nc4 Bf5 13. Kg1 Kc7 14. a4 Nc8 15. Nh4 Bd3 16. Bf1 Bxf1 17. Kxf1 Nb6 18. Nxb6 Kxb6 19. Rb1 Na5 20. b3 g6 21. Ng2 Bh6 22. d4 Bxc1 23. dxc5+ Kxc5 24. Rexc1 Kb6 25. Ne3 Rd3 26. b4 Nc6 27. c4 Ne7 28. Rd1 Rhd8 29. Ke2 Rxd1 30. Rxd1 Rxd1 31. Kxd1 a5 32. b5 Kc5 33. Ng4 Kxc4 34. Nxf6 Kb3 35. b6 Kxa4 36. Nd7 Kb5 37. Nxe5 Kxb6 38. Nc4+ Ka6 39. Kc2 b5 40. Nb2 Nd5 41. f4 Ne3+ 42. Kc3 Nf1 0-1

[Event "POL-ch U16 Girls"]
[Site "Murzasichle"]
[Date "2011.03.07"]
[Round "3"]
[White "Czerwinska, Luiza"]
[Black "Chenska, Karolina"]
[Result "0-1"]
[WhiteElo "1493"]
[BlackElo "1678"]
[PlyCount "62"]
[EventDate "2011.03.05"]
[EventType "swiss"]
[EventRounds "9"]
[EventCountry "POL"]
[SourceTitle "EXT 2013"]
[Source "ChessBase"]
[SourceDate "2012.11.22"]
[SourceVersion "1"]
[SourceVersionDate "2012.11.22"]
[SourceQuality "1"]

1. e4 c5 2. Nf3 e6 3. d4 cxd4 4. Nxd4 Nf6 5. Nc3 d6 6. Be2 Nc6 7. Nb3 Be7 8. Be3 0-0 9. 0-0 a6 10. f3 Qc7 11. Qe1 b5 12. a3 Bb7 13. Qg3 Kh8 14. f4 b4 15. Nd1 Nxe4 16. Qh3 bxa3 17. bxa3 Bd8 18. Bd3 Ne7 19. Nf2 Nf6 20. Ng4 Ng6 21. f5 exf5 22. Bxf5 Be4 23. Bxe4 Nxe4 24. Rac1 Bg5 25. Bxg5 Nxg5 26. Qh5 Ne6 27. Rf3 Nef4 28. Qg5 f6 29. Qf5 Ne2+ 30. Kh1 Nxc1 31. Rf1 Nxb3 0-1

[Event "POL-ch U16 Girls"]
[Site "Murzasichle"]
[Date "2011.03.07"]
[Round "4"]
[White "Rykala, Monika"]
[Black "Chenska, Karolina"]
[Result "1/2-1/2"]
[WhiteElo "1806"]
[BlackElo "1678"]
[PlyCount "126"]
[EventDate "2011.03.05"]
[EventType "swiss"]
[EventRounds "9"]
[EventCountry "POL"]
[SourceTitle "EXT 2013"]
[Source "ChessBase"]
[SourceDate "2012.11.22"]
[SourceVersion "1"]
[SourceVersionDate "2012.11.22"]
[SourceQuality "1"]

1. d4 d5 2. c4 e6 3. Nc3 c5 4. cxd5 exd5 5. Nf3 Nc6 6. g3 Nf6 7. Bg2 Be6 8. 0-0 h6 9. b3 Be7 10. dxc5 Bxc5 11. Na4 Be7 12. Bb2 0-0 13. Rc1 Qa5 14. Bc3 Qa6 15. Bb2 Qa5 16. a3 Rac8 17. b4 Qd8 18. Nd4 Nxd4 19. Qxd4 b6 20. Rxc8 Qxc8 21. Nc3 Qc4 22. Qxc4 dxc4 23. Nb5 Rd8 24. Nd4 Bd5 25. Nf5 Kf8 26. Bc3 b5 27. a4 a6 28. Ra1 Bxg2 29. Kxg2 g6 30. Nxe7 Kxe7 31. axb5 Nd5 32. Bd2 c3 33. Bxh6 axb5 34. Be3 Nxe3+ 35. fxe3 Rc8 36. Rc1 Ke6 37. Kf3 Kd5 38. e4+ Kc4 39. Ke3 Kxb4 40. Kd3 Kb3 41. Rb1+ Ka4 42. Ra1+ Kb4 43. Rb1+ Ka5 44. Ra1+ Kb6 45. Rb1 Rc5 46. h4 Ka5 47. Ra1+ Kb4 48. Rb1+ Ka3 49. Kc2 Ka4 50. g4 b4 51. Ra1+ Kb5 52. Kb3 Re5 53. h5 gxh5 54. gxh5 Rxe4 55. Re1 f5 56. h6 f4 57. h7 Re8 58. Rh1 Rh8 59. Rh5+ Kb6 60. Rh4 Kc5 61. Rxf4 Rxh7 62. Rxb4 Rh2 63. Re4 Kb6 1/2-1/2

[Event "Gora Sw Anny op 4th"]
[Site "Gora Sw Anny"]
[Date "2011.02.17"]
[Round "7"]
[White "Chenska, Karolina"]
[Black "Wisniewski, Michal"]
[Result "1-0"]
[WhiteElo "1649"]
[BlackElo "1553"]
[PlyCount "47"]
[EventDate "2011.02.12"]
[EventType "swiss"]
[EventRounds "9"]
[EventCountry "POL"]
[SourceTitle "CBM 140 Extra"]
[Source "ChessBase"]
[SourceDate "2011.03.01"]
[SourceVersion "1"]
[SourceVersionDate "2011.03.01"]
[SourceQuality "1"]

1. e4 d5 2. exd5 Qxd5 3. Nc3 Qa5 4. d4 Nf6 5. Nf3 Nc6 6. Bd2 Bg4 7. Nb5 Qb6 8. c4 Bxf3 9. Qxf3 Nxd4 10. Nxd4 Qxd4 11. Qxb7 Qe4+ 12. Qxe4 Nxe4 13. Be3 e6 14. 0-0-0 Be7 15. g3 Nd6 16. Bg2 Rd8 17. Bc6+ Kf8 18. Bxa7 Nxc4 19. Rxd8+ Bxd8 20. Bc5+ Nd6 21. Rd1 Bg5+ 22. f4 Be7 23. a4 Nc4 24. Rd8# 1-0

[Event "Gora Sw Anny op 4th"]
[Site "Gora Sw Anny"]
[Date "2011.02.12"]
[Round "1"]
[White "Matuszewski, Michal"]
[Black "Chenska, Karolina"]
[Result "1-0"]
[WhiteElo "2357"]
[BlackElo "1649"]
[PlyCount "101"]
[EventDate "2011.02.12"]
[EventType "swiss"]
[EventRounds "9"]
[EventCountry "POL"]
[SourceTitle "CBM 140 Extra"]
[Source "ChessBase"]
[SourceDate "2011.03.01"]
[SourceVersion "1"]
[SourceVersionDate "2011.03.01"]
[SourceQuality "1"]

1. d4 d5 2. c4 e6 3. Nf3 c5 4. e3 Nf6 5. Nc3 Nc6 6. cxd5 exd5 7. Bb5 Be6 8. 0-0 Be7 9. Ne5 Qc7 10. Qa4 Bd7 11. e4 cxd4 12. Nxd7 Qxd7 13. exd5 Nxd5 14. Nxd5 Qxd5 15. Re1 a6 16. Bxc6+ bxc6 17. Bf4 Ra7 18. Re5 Qd8 19. Qxc6+ Rd7 20. Rd5 Rf8 21. Re1 f6 22. Bd6 Rf7 23. Bb4 Qc7 24. Qa4 Qb7 25. Rxd4 Qb5 26. Qxb5 axb5 27. Rxd7 Kxd7 28. Rxe7+ Rxe7 29. Bxe7 Kxe7 30. Kf1 Kd6 31. Ke2 Kd5 32. Kd3 g6 33. a3 h6 34. b3 f5 35. f4 g5 36. g3 gxf4 37. gxf4 h5 38. a4 bxa4 39. bxa4 Kc5 40. a5 Kb5 41. Kd4 Kb4 42. Ke5 Kc4 43. Kxf5 h4 44. Kg6 Kd4 45. f5 Ke4 46. f6 Kf3 47. f7 h3 48. Kh5 Kg2 49. Kh4 Kxh2 50. f8Q Kh1 51. Qf2 1-0

[Event "Polanica Zdroj op-B 46th"]
[Site "Polanica Zdroj"]
[Date "2010.08.22"]
[Round "5"]
[White "Chenska, Karolina"]
[Black "Szydelko, Kazimierz"]
[Result "1-0"]
[WhiteElo "1593"]
[BlackElo "1894"]
[PlyCount "93"]
[EventDate "2010.08.18"]
[EventType "swiss"]
[EventRounds "9"]
[EventCountry "POL"]
[SourceTitle "CBM 138 Extra"]
[Source "ChessBase"]
[SourceDate "2010.10.29"]
[SourceVersion "1"]
[SourceVersionDate "2010.10.29"]
[SourceQuality "1"]

1. e4 c5 2. Nf3 Nc6 3. d4 cxd4 4. Nxd4 Nf6 5. Nc3 a6 6. Be3 d6 7. Bc4 Ng4 8. Qe2 Nxe3 9. Qxe3 e6 10. 0-0 Be7 11. Bb3 0-0 12. f4 Qb6 13. Nf5 Qxe3+ 14. Nxe3 Bf6 15. Rad1 Rd8 16. Rd2 Bd4 17. Kf2 Kf8 18. Rfd1 e5 19. f5 b5 20. Ne2 Bc5 21. Bd5 Bb7 22. a3 Rac8 23. Nc1 Ke7 24. Nd3 Bb6 25. Ke2 Rc7 26. b3 Nd4+ 27. Kf1 Nxb3 28. cxb3 Bxe3 29. Re2 Bxd5 30. exd5 Bc5 31. Rc1 Rdc8 32. Rec2 a5 33. Ke2 h5 34. Kf3 Kf6 35. Ke4 Bb6 36. Rc6 Rxc6 37. Rxc6 Rxc6 38. dxc6 Bc7 39. b4 a4 40. Nf2 d5+ 41. Kxd5 Kxf5 42. Ne4 Kf4 43. Nd6 f5 44. Nxb5 e4 45. Nxc7 e3 46. Ne6+ Kg4 47. Nd4 1-0

[Event "Wroclaw-ch U18"]
[Site "Wroclaw"]
[Date "2010.06.13"]
[Round "4.4"]
[White "Majewski, Piotr"]
[Black "Chenska, Karolina"]
[Result "1/2-1/2"]
[WhiteElo "1530"]
[BlackElo "1560"]
[PlyCount "90"]
[EventDate "2010.06.11"]
[EventType "swiss"]
[EventRounds "5"]
[EventCountry "POL"]
[SourceTitle "EXT 2023"]
[Source "ChessBase"]
[SourceDate "2022.10.05"]
[SourceVersion "1"]
[SourceVersionDate "2022.10.05"]
[SourceQuality "1"]

1. d4 d5 2. c4 e6 3. Nc3 c5 4. cxd5 exd5 5. Nf3 Nc6 6. g3 Be6 7. Bg2 Nf6 8. Bg5 c4 9. 0-0 h6 10. Bxf6 Qxf6 11. b3 Bb4 12. Nb5 0-0 13. bxc4 dxc4 14. d5 Rfd8 15. e4 Bg4 16. Qb1 Bxf3 17. dxc6 Bxg2 18. Kxg2 bxc6 19. Qxb4 cxb5 20. Qxb5 Qd4 21. Rfe1 c3 22. Rad1 Qb6 23. Qxb6 axb6 24. Rxd8+ Rxd8 25. Rc1 Rc8 26. Kf3 b5 27. a3 c2 28. Ke2 Rc3 29. Kd2 Rxa3 30. Rxc2 b4 31. Rb2 Ra4 32. Kd3 Kf8 33. Rb3 Ra2 34. f4 Rxh2 35. Ke3 g6 36. Rxb4 h5 37. Rb3 Kg7 38. e5 h4 39. Kf3 h3 40. Re3 Ra2 41. Re1 h2 42. Rh1 Kh6 43. Kg4 Rb2 44. Kh3 g5 45. Kg4 Kg6 1/2-1/2

[Event "POL-ch U14 Girls"]
[Site "Sekocin Stary"]
[Date "2010.05.08"]
[Round "10"]
[White "Chenska, Karolina"]
[Black "Wesolowska, Katarzyna"]
[Result "0-1"]
[WhiteElo "1560"]
[BlackElo "1746"]
[PlyCount "96"]
[EventDate "2010.05.01"]
[EventType "swiss"]
[EventRounds "10"]
[EventCountry "POL"]
[SourceTitle "EXT 2011"]
[Source "ChessBase"]
[SourceDate "2010.11.26"]
[SourceVersion "1"]
[SourceVersionDate "2010.11.26"]
[SourceQuality "1"]

1. e4 e6 2. d4 d5 3. exd5 exd5 4. Nf3 Bd6 5. c4 c6 6. Nc3 Ne7 7. c5 Bc7 8. Bd3 0-0 9. 0-0 h6 10. Re1 Re8 11. Bd2 Bg4 12. b4 Nd7 13. b5 Nf6 14. Qc2 Bxf3 15. gxf3 Qd7 16. Ne2 Qh3 17. Ng3 Qh4 18. Be3 Nh5 19. a4 Nf4 20. Bf1 Nh3+ 21. Kh1 f5 22. Bxh3 Qxh3 23. Qd2 Ng6 24. Qd3 Nh4 25. Qf1 Qxf1+ 26. Nxf1 Nxf3 27. Red1 f4 28. Bc1 Re2 29. Kg2 Nh4+ 30. Kg1 Rae8 31. Rd2 Nf3+ 32. Kg2 Nxd2 33. Bxd2 R2e4 34. Bc3 R8e6 35. Nd2 Re1 36. Nf3 Rxa1 37. Bxa1 Re2 38. bxc6 bxc6 39. a5 Bxa5 40. Ne5 Ra2 41. Nxc6 Rxa1 42. Ne7+ Kf7 43. Nxd5 Rd1 44. c6 Rc1 45. Nxf4 Rxc6 46. Kf3 Rc3+ 47. Ke4 Bc7 48. Nd5 Rc1 0-1